By Reason of Insanity (Record no. 350790)

000 -LEADER
fixed length control field 00632pam a2200229 i 4500
001 - CONTROL NUMBER
control field 847370
003 - CONTROL NUMBER IDENTIFIER
control field OSt
005 - DATE AND TIME OF LATEST TRANSACTION
control field 20180116183026.0
008 - FIXED-LENGTH DATA ELEMENTS--GENERAL INFORMATION
fixed length control field 780914s1979 nyu 000 1 eng
010 ## - LIBRARY OF CONGRESS CONTROL NUMBER
LC control number 78011395
020 ## - INTERNATIONAL STANDARD BOOK NUMBER
International Standard Book Number 0671240587
040 ## - CATALOGING SOURCE
Original cataloging agency DLC
Transcribing agency DLC
Modifying agency DLC
050 00 - LIBRARY OF CONGRESS CALL NUMBER
Classification number PZ4.S84554
Item number By
Classification number PS3569.T453
082 00 - DEWEY DECIMAL CLASSIFICATION NUMBER
Classification number 813.54 STE 1979
100 1# - MAIN ENTRY--PERSONAL NAME
Personal name Stevens, Shane.
245 10 - TITLE STATEMENT
Title By Reason of Insanity
Statement of responsibility, etc. Shane Stevens.
260 ## - PUBLICATION, DISTRIBUTION, ETC.
Place of publication, distribution, etc. New York :
Name of publisher, distributor, etc. Simon and Schuster,
Date of publication, distribution, etc. c1979.
300 ## - PHYSICAL DESCRIPTION
Extent 561 p. ;
Dimensions 24 cm.
440 ## - SERIES STATEMENT/ADDED ENTRY--TITLE
Title By Reason of Insanity
906 ## - LOCAL DATA ELEMENT F, LDF (RLIN)
a 7
b cbc
c orignew
d 1
e ocip
f 19
g y-gencatlg
942 ## - ADDED ENTRY ELEMENTS (KOHA)
Source of classification or shelving scheme
Koha item type Book
Holdings
Withdrawn status Lost status Source of classification or shelving scheme Damaged status Not for loan Collection code Permanent Location Current Location Shelving location Date acquired Total Checkouts Full call number Barcode Date last seen Price effective from Koha item type
            Central Library (CL) Central Library (CL) Fiction 12/08/2015   813.54 STE 1979 NBSD-2377 12/08/2015 12/08/2015 Book
© 2023 Central Library, National University of Sciences and Technology. All Rights Reserved.